000
00297nam a2200121Ia 4500
008
190216s9999||||xx |||||||||||||| ||und||
100
_a
Chellappan Nair N P
245
0
_a
Physics: A Text Book For Class Xii
260
_b
Ncrt - Newdelhi
_c
2003
300
_a
550
650
_a
Physics
942
_c
REF
999
_c
36707
_d
36707